000 01046nam a2200313 i 4500
001 000010474
003 DO-SdBNP
005 20250717074015.0
007 ta
008 091007s1986 dr r 000 p spa d
040 _aDO-SdBNP
_bspa
_cBNPHU
_erda
041 _hspa
082 4 _aRD861.44
_bM742t
_222
100 1 _aMonegro, Juan,
_d1949-
_eautor
_4aut.
_925478
245 1 0 _aTres estaciones para un viaje /
_cJuan Monegro.
264 4 _aSanto Domingo :
_bBiblioteca Nacional Pedro Henríquez Ureña (BNPHU),
_c©1986
300 _a63 páginas :
_bilustraciones ;
_c21 cm.
336 _atexto
_btxt
_2rdacontent
337 _asin mediación
_bn
_2rdamedia
338 _avolumen
_bnc
_2rdacarrier
490 0 _aOrfeo
500 _aIncluye datos biográficos del autor en la contracubierta
590 _aInventariado, 2018/BT
650 7 _aPoesía dominicana
_966
650 7 _aLiteratura dominicana.
_967
710 2 _aBiblioteca Nacional Pedro Henríquez Ureña
_981292
910 _aValidado. Control de calidad. MFF
942 _2ddc
_cLBS1
999 _c10233
_d10233